[Event "Prague Golden op 11th"]
[Site "Prague"]
[Date "2015.06.22"]
[Round "3"]
[White "Gubin, Oleg"]
[Black "Rous, Frantisek"]
[Result "0-1"]
[WhiteElo "1659"]
[BlackElo "2031"]
[PlyCount "28"]
[EventDate "2015.06.21"]
[EventType "swiss"]
[EventRounds "9"]
[EventCountry "CZE"]
[SourceTitle "CBM 167 Extra"]
[Source "ChessBase"]
[SourceDate "2015.09.14"]
[SourceVersion "1"]
[SourceVersionDate "2015.09.14"]
[SourceQuality "1"]

1. e4 e5 2. d4 exd4 3. c3 d5 4. exd5 Qxd5 5. cxd4 Nc6 6. Nf3 Bg4 7. Be2 Nf6 8. Nc3 Qd7 9. Be3 Bd6 10. d5 Ne5 11. Bb5 c6 12. dxc6 Nxc6 13. Nd5 Nxd5 14. Qxd5 Bb4+ 0-1

[Event "Prague Summer op 1st"]
[Site "Prague"]
[Date "2014.08.11"]
[Round "3"]
[White "Sargsjan, Karen"]
[Black "Gubin, Oleg"]
[Result "1-0"]
[WhiteElo "1961"]
[BlackElo "1708"]
[PlyCount "41"]
[EventDate "2014.08.09"]
[EventType "swiss"]
[EventRounds "9"]
[EventCountry "CZE"]
[SourceTitle "CBM 162 Extra"]
[Source "ChessBase"]
[SourceDate "2014.10.17"]
[SourceVersion "1"]
[SourceVersionDate "2014.10.17"]
[SourceQuality "1"]

1. e4 e5 2. Nf3 Nc6 3. d4 exd4 4. Bc4 Bb4+ 5. c3 dxc3 6. bxc3 Qe7 7. 0-0 Bc5 8. e5 h6 9. Nbd2 d6 10. exd6 Qxd6 11. Qb3 Nd8 12. Ne4 Qb6 13. Nxc5 Qxc5 14. Re1+ Be6 15. Ba3 Qb6 16. Qa4+ c6 17. Bd6 Nf6 18. Rab1 Qxb1 19. Rxb1 b5 20. Bxb5 cxb5 21. Qxb5+ 1-0

[Event "Rychnov Seniors op"]
[Site "Rychnov nad Kneznou"]
[Date "2012.08.20"]
[Round "1"]
[White "Gubin, Oleg"]
[Black "Laszkiewicz, Jerzy"]
[Result "0-1"]
[WhiteElo "1709"]
[BlackElo "1974"]
[PlyCount "84"]
[EventDate "2012.08.20"]
[EventType "swiss"]
[EventRounds "9"]
[EventCountry "CZE"]
[SourceTitle "CBM 150 Extra"]
[Source "ChessBase"]
[SourceDate "2012.10.19"]
[SourceVersion "1"]
[SourceVersionDate "2012.10.19"]
[SourceQuality "1"]

1. e4 c5 2. Nf3 Nc6 3. d4 cxd4 4. Nxd4 e5 5. Nb5 d6 6. N1c3 a6 7. Na3 b5 8. Nd5 Nf6 9. Bg5 Be7 10. Bd3 Nxd5 11. exd5 Bxg5 12. dxc6 Be6 13. Qf3 0-0 14. Bf5 Bxf5 15. Qxf5 g6 16. Qd3 Qc7 17. Qd5 Rfc8 18. Rd1 Qxc6 19. 0-0 b4 20. Nb1 Qxd5 21. Rxd5 Rxc2 22. a3 Rxb2 23. axb4 Rxb4 24. Rxd6 a5 25. Nc3 Rd4 26. Rxd4 exd4 27. Ne4 Be7 28. Rd1 f5 29. Nd2 Bb4 30. Kf1 Re8 31. Nf3 Bc3 32. Nd2 Kf7 33. Nb1 Bb4 34. Nd2 d3 35. Nf3 d2 36. Nxd2 Rd8 37. Ke2 Rxd2+ 38. Rxd2 Bxd2 39. Kxd2 Ke6 40. Kd3 Kd5 41. Kc3 Ke4 42. Kc4 a4 0-1

[Event "Cesky Krumlov op 4th"]
[Site "Cesky Krumlov"]
[Date "2010.11.22"]
[Round "2"]
[White "Nemcova, Karolina"]
[Black "Gubin, Oleg"]
[Result "1-0"]
[WhiteElo "1983"]
[BlackElo "1713"]
[PlyCount "41"]
[EventDate "2010.11.21"]
[EventType "swiss"]
[EventRounds "9"]
[EventCountry "CZE"]
[SourceTitle "CBM 139 Extra"]
[Source "ChessBase"]
[SourceDate "2011.01.05"]
[SourceVersion "1"]
[SourceVersionDate "2011.01.05"]
[SourceQuality "1"]

1. e4 e5 2. Nc3 Nf6 3. f4 d5 4. fxe5 Nxe4 5. d3 Nxc3 6. bxc3 Be7 7. d4 c5 8. Nf3 Bg4 9. Be2 Nc6 10. 0-0 0-0 11. Be3 c4 12. Qe1 Bf5 13. Bd1 b5 14. Qg3 a5 15. h4 b4 16. h5 Re8 17. Ng5 Qd7 18. Nxf7 Kxf7 19. Bg4 Kg8 20. Bxf5 Qd8 21. Bh6 1-0

[Event "Rychnov op"]
[Site "Rychnov nad Kneznou"]
[Date "2010.08.27"]
[Round "5"]
[White "Gubin, Oleg"]
[Black "Zikmund, Jaroslav"]
[Result "0-1"]
[WhiteElo "1698"]
[BlackElo "1940"]
[PlyCount "54"]
[EventDate "2010.08.23"]
[EventType "swiss"]
[EventRounds "7"]
[EventCountry "CZE"]
[SourceTitle "CBM 138 Extra"]
[Source "ChessBase"]
[SourceDate "2010.10.29"]
[SourceVersion "1"]
[SourceVersionDate "2010.10.29"]
[SourceQuality "1"]

1. e4 c5 2. Nf3 Nc6 3. d4 cxd4 4. Nxd4 d6 5. Nc3 Bd7 6. Be2 g6 7. Be3 Nf6 8. Qd2 Bg7 9. f4 0-0 10. 0-0-0 a6 11. Bf3 Bg4 12. h3 Bxf3 13. Nxf3 b5 14. e5 dxe5 15. Qf2 Qb8 16. fxe5 Nxe5 17. Bf4 Nd3+ 18. Rxd3 Qxf4+ 19. Kb1 Qc7 20. a3 Rab8 21. Rf1 b4 22. axb4 Rxb4 23. Qe2 Qb7 24. Nd1 Nd5 25. Rxd5 Qxd5 26. Qxe7 Qb5 27. Re1 Rxb2+ 0-1

[Event "Bad Griesbach Seniors op 12th"]
[Site "Bad Griesbach"]
[Date "2009.12.04"]
[Round "6"]
[White "Mahrla, Hans"]
[Black "Gubin, Oleg"]
[Result "1-0"]
[WhiteElo "1653"]
[BlackElo "1525"]
[PlyCount "51"]
[EventDate "2009.11.29"]
[EventType "swiss"]
[EventRounds "7"]
[EventCountry "GER"]
[SourceTitle "EXT 2015"]
[Source "ChessBase"]
[SourceDate "2014.11.20"]
[SourceVersion "1"]
[SourceVersionDate "2014.11.20"]
[SourceQuality "1"]

1. e4 e5 2. Nf3 Nc6 3. d4 exd4 4. Nxd4 Nf6 5. Nc3 Bb4 6. f3 d5 7. Nxc6 bxc6 8. a3 Bd6 9. Bd3 0-0 10. Ne2 Re8 11. Bg5 h6 12. Bh4 g5 13. Bf2 dxe4 14. Bxe4 Nxe4 15. fxe4 Rxe4 16. 0-0 Bd7 17. Ng3 Re7 18. Qh5 Qf8 19. Bd4 Be5 20. Bxe5 Rxe5 21. Rf6 Re6 22. Raf1 Rae8 23. Rxf7 Qc5+ 24. Kh1 Qd4 25. Rg7+ Kh8 26. Nf5 1-0